000 00861nam a22002415i 4500
999 _c57464
_d57464
001 20490149
005 20221105201702.0
008 180509s2019 pau 000 0 eng
020 _a9780323523004 1
041 _aeng
080 _a616.314.17 N-52
100 1 _aNewman, Michael G.
_98735
245 1 0 _aNewman and carranza's clinical periodontology /
_cMichael G. Newman, Henry H. Takei, Perry R. Klokkevold.
250 _a13th edition.
264 1 _aPhiladelphia, PA :
_bElsevier, Inc,
_c2019.
300 _a913 pages;
_b28 cm.
653 _aკლინიკური პერიოდონტოლოგია
653 _aსტომატოლოგია
653 _aმედიცინა
700 _aTakei, Henry H.
_eავტორი
_98736
700 _aKlokkevold, Perry R.
_eავტორი
_98737
942 _2udc
_cBK